00376nam a22001577a 4500003000400000008004100004020001800045082001600063100001600079245002700095260002300122300001100145650002700156700001800183700001700201OSt250425b |||||||| |||| 00| 0 eng d a9789393480262 a615.321 AQH aAqil, Mohd. aHerbal Drug Technology aDelhibBirlac2026 axvi263 aHerbal Drug Technology aMujeeb, Mohd. aQadir, Abdul